000 00673nam a2200253Ia 4500
003 OSt
005 20221006145032.0
006 a|||||r|||| 00| 0
007 ta
008 221006b |||||||| |||| 00| 0 eng d
020 _a8125902104
_c300.00
024 _a13,564
037 _cTextual
040 _aEASL
_cEASL
_beng
041 _2eng
_aeng
082 _aV498.N95, N6
100 _aSHIROMANY A A
_9612605
245 0 _aSpirit of Tibet vision for human liberation
260 _aNew Delhi
_bVikas Pub.
_c1996
300 _a391p.
_ccm.
490 _v Oth
942 _hV498.N95, N6
_cTEXL
_2CC
999 _c1081650
_d1081650